000 01038nam a2200241Ia 4500
999 _c55991
_d55991
001 23090
003 GE_BSU
005 20230710135759.0
008 181216s1949||||ge |||||||||||||| ||geo||
040 _cGE_BSU
041 _ageo
080 _a821.133.1-31 ს-25
100 _aსანდი, ჟორჟ
_919219
245 _aინდიანა :
_bრომანი /
_cჟორჟ სანდი ; რედ. გ. თარგ.გ. ქიქოძე ; ფრანგულიდან მარო ციციშვილის.
264 _aთბილისი :
_bსახელგამი,
_c1949.
300 _a340 გვ. :
_bპორტრ. ;
_c22 სმ.
541 _h5 ლ.
653 _aინდიანა :რომანი
700 _aთარგამაძე,გ.
_eრედაქტორი
_919220
700 _aქიქოძე, გ.
_eრედაქტორი
_94458
700 _aციციშვილი, მარო
_eმთარგმნელი
_919221
942 _cBK
_2udc